01090nam a22002057a 45000010005000000030006000050050017000110080041000280200018000690400029000870500008001160820008001241000020001322450059001522500025002112600040002363000056002765200522003326500030008546182FISKH20250324162553.0250324b cb ||||| |||| 00| 0 eng d a9780340846858 aFISKHbengcFISKHdFISKH aPZ7 a937 aHodgson, Chris  aThe Roman empire :bHodder history /cBy Chris Hodgson aFirst published 2002 aLondon :bHodder Education ;c2002. a46 pages : bcolor illustrations, maps ; c28 cm .  aHodder History helps you teach history the way you want to teach it. The Roman peoples, their world, their issues and the events that defined their times are the focus topics of this new text. The Roman Empire is an essential and unique resource for teaching and learning about the issues and events that characterise the history of the Roman peoples and their world. It never lets go of the period's story, providing innovative and exciting opportunities to examine the big picture and Investigate particular topics. aRoman EmpirevNon-fiction